<?xml version="1.0" encoding="UTF-8"?>
<record
    xmlns:xsi="http://www.w3.org/2001/XMLSchema-instance"
    xsi:schemaLocation="http://www.loc.gov/MARC21/slim http://www.loc.gov/standards/marcxml/schema/MARC21slim.xsd"
    xmlns="http://www.loc.gov/MARC21/slim">

  <leader>01633nam a2200241Ia 4500</leader>
  <controlfield tag="001">205</controlfield>
  <controlfield tag="005">20251210100336.0</controlfield>
  <controlfield tag="008">251203t2004||||xx |||||||||||||| ||spa||</controlfield>
  <datafield tag="020" ind1=" " ind2=" ">
    <subfield code="a">9972752003</subfield>
  </datafield>
  <datafield tag="041" ind1=" " ind2=" ">
    <subfield code="a">ESP</subfield>
  </datafield>
  <datafield tag="082" ind1=" " ind2=" ">
    <subfield code="a">RE 985</subfield>
    <subfield code="b">E56</subfield>
  </datafield>
  <datafield tag="110" ind1=" " ind2=" ">
    <subfield code="a">Empresa Editora El Comercio</subfield>
  </datafield>
  <datafield tag="245" ind1=" " ind2="0">
    <subfield code="a">Enciclopedia tem&#xE1;tica del Per&#xFA; :</subfield>
    <subfield code="b">Tomos 1-16</subfield>
  </datafield>
  <datafield tag="250" ind1=" " ind2=" ">
    <subfield code="a">Primera edici&#xF3;n</subfield>
  </datafield>
  <datafield tag="260" ind1=" " ind2=" ">
    <subfield code="a">Lima :</subfield>
    <subfield code="b">El Comercio,</subfield>
    <subfield code="c">2004</subfield>
  </datafield>
  <datafield tag="300" ind1=" " ind2=" ">
    <subfield code="a">Varias paginaciones :</subfield>
    <subfield code="b"> ilustraciones ;</subfield>
    <subfield code="c"> 28 cm.</subfield>
  </datafield>
  <datafield tag="505" ind1=" " ind2=" ">
    <subfield code="a">Contiene: Tomo 1: Incas, - Tomo 2: Conquista y virreinato; Busto Duthurburu, Jos&#xE9; Antonio del. - Tomo 3: Rep&#xFA;blica; Cayo C&#xF3;rdova, Percy. - Tomo 4: Organizaci&#xF3;n del Estado; Rubio Correa, Marcial Antonio. - Tomo 5: Geograf&#xED;a; Pe&#xF1;a Herrera, Carlos. - Tomo 6: Ecolog&#xED;a; Brack Egg, Antonio. - Tomo 7: Sociedad; Manrique, Nelson. - Tomo 8: Diversidad cultural; Degregori, Carlos Iv&#xE1;n. - Tomo 9: Primeras civilizaciones; Makowski, Krzysztof. - Tomo 10: Econom&#xED;a; &#xC1;lvarez Rodrich, Augusto. - Tomo 11: CIencia y tecnolog&#xED;a; L&#xF3;pez Soria, Jos&#xE9; Ignacio [y otros catorce]. - Tomo 12: Salud; Garc&#xED;a C&#xE1;ceres, Uriel. - Tomo 13: Opini&#xF3;n p&#xFA;blica; Mendoza Michilot, Mar&#xED;a [y otros cuatro]. - Tomo 14: Literatura; Gonz&#xE1;lez Vigil, Ricardo. - Tomo 15: Arte y arquitectura; Wuffarden, Luis Eduardo [y otros cuatro]. - Tomo 16: M&#xFA;sica, danza y tradiciones; Meza, Luis Antonio [y otros cuatro]</subfield>
  </datafield>
  <datafield tag="650" ind1=" " ind2=" ">
    <subfield code="a">HIS</subfield>
  </datafield>
  <datafield tag="653" ind1=" " ind2=" ">
    <subfield code="a">Historia - Per&#xFA;; Enciclopedia</subfield>
  </datafield>
  <datafield tag="654" ind1=" " ind2=" ">
    <subfield code="a">CTP</subfield>
  </datafield>
  <datafield tag="700" ind1=" " ind2=" ">
    <subfield code="a">Rostworowski de Diez Canseco, Mar&#xED;a; Busto Duthurburu, Jos&#xE9; Antonio del; Cayo C&#xF3;rdova, Percy [y otros trece]</subfield>
    <subfield code="c">AUTS</subfield>
  </datafield>
  <datafield tag="942" ind1=" " ind2=" ">
    <subfield code="c">ENC</subfield>
    <subfield code="d">JUS</subfield>
    <subfield code="f">TRC</subfield>
    <subfield code="2">ddc</subfield>
  </datafield>
  <datafield tag="999" ind1=" " ind2=" ">
    <subfield code="c">205</subfield>
    <subfield code="d">205</subfield>
  </datafield>
  <datafield tag="952" ind1=" " ind2=" ">
    <subfield code="o">RE 985 E56</subfield>
    <subfield code="p">1085074</subfield>
    <subfield code="8">VEB</subfield>
    <subfield code="t">1</subfield>
    <subfield code="7">2</subfield>
    <subfield code="5">1</subfield>
    <subfield code="b">VAB</subfield>
    <subfield code="a">VAB</subfield>
    <subfield code="c">PBC</subfield>
    <subfield code="d">2025-10-03</subfield>
    <subfield code="e">1</subfield>
    <subfield code="r">2025-12-03 17:30:18</subfield>
    <subfield code="l">0</subfield>
    <subfield code="w">2025-12-03</subfield>
    <subfield code="y">ENC</subfield>
    <subfield code="1">0</subfield>
    <subfield code="2">ddc</subfield>
    <subfield code="4">0</subfield>
    <subfield code="0">1</subfield>
  </datafield>
</record>
